| 000 | 01038nam a2200277 a 4500 | ||
|---|---|---|---|
| 001 | BRL_225 | ||
| 005 | 20190320210637.0 | ||
| 008 | 880617s1989 nyua#####b---#001-0#eng-# | ||
| 020 | _a0810915227 | ||
| 041 | _aeng | ||
| 044 | _au | ||
| 050 | 4 |
_aNK607 _b.G53 1989 |
|
| 100 | 1 |
_aGlassie, Henry _923288 |
|
| 245 | 1 | 0 |
_aThe Spirit of Folk Art _bthe Girard Collection at the Museum of International Folk Art _cHenry Glassie ; color photography by Michel Monteaux ; black-and-white photography and drawings by Henry Glassie. |
| 260 |
_aNueva York _bThe Museum of New Mexico _c1989 |
||
| 300 |
_a276 p. _bil. (algunas a color) _c27 cm. |
||
| 500 | _aIncluye índice alfabético | ||
| 500 | _aAu289 | ||
| 504 | _aBibliografía : p. 265-269 | ||
| 600 | 1 | 4 |
_aGirard, Alexander _vExposiciones _xColecciones de arte _923289 |
| 610 | 2 | 4 |
_aMuseum of International Folk Art _vExposiciones _zNuevo Mexico (Estados Unidos) _923290 |
| 650 | 1 | 4 |
_aArte popular _vExposiciones _94223 |
| 700 | 1 |
_aMonteaux, Michel _94644 |
|
| 902 | _aGRL | ||
| 942 |
_2lcc _cB |
||
| 999 |
_c9038 _d9038 |
||